00255nam a2200109Ia 4500008004100000100001800041245001600059260002400075650002200099942000700121999001700128190216s9999||||xx |||||||||||||| ||und|| aThoppil Bhasi 0aSharashayya bPrabhath Book House aMalayalam Nadakam cBK c26030d26030